000 00447 a2200157 4500
001 57753
020 _a
040 _cAnchieta - Pituba
100 _aMendes Filho, Alvarito
240 1 0 _aVasco Fernandes Coutinho
_lpor
245 1 0 _aVasco Fernandes Coutinho
300 _a222
362 0 _a2005
650 4 _aPessoas em literatura, história, biografia, genealogia (incluindo historiadores, escritores e críticos da literatura)
942 _cBK
999 _c57753
_d57753